000 00703nam a2200193Ia 4500
008 090123s9999 xx 000 0 und d
082 _b39354
_a891.463/सरावगी
100 _aसरावगी अलका
245 _aकलिकथा :व्हाया बायपास
250 _a1
260 _bसाहित्य अकादमी
_c2005
300 _a238
600 _aसरावगी अलका
630 _aकलिकथा :व्हाया बायपास
700 _aसरावगी अलका
700 _aसावंत जयप्रकाश
730 _aकलिकथा :व्हाया बायपास
942 _cBOOK
999 _c77420
_d77420